Cost analysis of the code for sustainable homes (Record no. 108659)
[ view plain ]
| 000 -LEADER | |
|---|---|
| fixed length control field | 01751cad a22002535a 4500 |
| 001 - CONTROL NUMBER | |
| control field | L144936 |
| 008 - FIXED-LENGTH DATA ELEMENTS--GENERAL INFORMATION | |
| fixed length control field | 080826s2008 xxk df sl000 0 eng d |
| 035 ## - SYSTEM CONTROL NUMBER | |
| System control number | (Sirsi) u144936 |
| 041 0# - LANGUAGE CODE | |
| Language code of text/sound track or separate title | eng |
| 110 2# - MAIN ENTRY--CORPORATE NAME | |
| Corporate name or jurisdiction name as entry element | United Kingdom |
| Subordinate unit | Department for Communities and Local Government |
| 9 (RLIN) | 4939 |
| 245 00 - TITLE STATEMENT | |
| Title | Cost analysis of the code for sustainable homes |
| Remainder of title | final report |
| Medium | [electronic resource] |
| 260 ## - PUBLICATION, DISTRIBUTION, ETC. | |
| Date of publication, distribution, etc. | 2008 |
| 505 2# - FORMATTED CONTENTS NOTE | |
| Formatted contents note | Introduction -- Revisions to previous cost estimates in light of finalised technical guidance -- Development scenarios against which costs have been considered -- Estimated costs -- Potential for cost reduction -- Conclusions |
| 520 ## - SUMMARY, ETC. | |
| Summary, etc. | Reports the final results of the research done to update and improve cost benchmarks for reaching different performance levels set by the Code for sustainable homes. Has the goal of clarifying the costs in line with the technical guide of the Code for sustainable homes. Reviews Cyril Sweet?s initial cost analysis for specific credits by taking into consideration the technical guidance of the code. Uses chosen development scenarios to provide cost analysis. Presents estimates of costs and savings on utility bills, carbon emissions and use of drinking water of each development type for chosen scenarios. |
| 521 ## - TARGET AUDIENCE NOTE | |
| Target audience note | Advanced |
| 590 ## - LOCAL NOTE (RLIN) | |
| Local note | KA |
| 650 24 - SUBJECT ADDED ENTRY--TOPICAL TERM | |
| Topical term or geographic name entry element | DCLG CODE FOR SUSTAINABLE HOMES |
| 650 24 - SUBJECT ADDED ENTRY--TOPICAL TERM | |
| Topical term or geographic name entry element | DCLG CODE FOR SUSTAINABLE HOMES |
| Form subdivision | TECHNICAL GUIDE |
| Active dates | APRIL 2008 |
| 651 #4 - SUBJECT ADDED ENTRY--GEOGRAPHIC NAME | |
| Geographic name | England and Wales |
| Chronological subdivision | 1543- |
| 690 ## - LOCAL SUBJECT ADDED ENTRY--TOPICAL TERM (OCLC, RLIN) | |
| Topical term or geographic name as entry element | BUILT ENVIRONMENT-BUILDING COSTS |
| 690 ## - LOCAL SUBJECT ADDED ENTRY--TOPICAL TERM (OCLC, RLIN) | |
| Topical term or geographic name as entry element | BUILT ENVIRONMENT-SUSTAINABLE CONSTRUCTION |
| 856 48 - ELECTRONIC LOCATION AND ACCESS | |
| Uniform Resource Identifier | <a href="https://www.communities.gov.uk/publications/planningandbuilding/codecostanalysis">https://www.communities.gov.uk/publications/planningandbuilding/codecostanalysis</a> |
| Public note | View the report free of charge at www.communities.gov.uk... |
| 942 ## - ADDED ENTRY ELEMENTS (KOHA) | |
| Suppress in OPAC | 0 |
| Withdrawn status | Lost status | Source of classification or shelving scheme | Damaged status | Not for loan | Home library | Current library | Shelving location | Date acquired | Total Checkouts | Full call number | Barcode | Date last seen | Copy number | Price effective from | Koha item type |
|---|---|---|---|---|---|---|---|---|---|---|---|---|---|---|---|
| Dewey Decimal Classification | Virtual | Virtual | Online | 26/08/2008 | ONLINE PUBLICATION | 144936-1001 | 06/08/2019 | 1 | 06/08/2019 | Book |